Költelmi zsengék nehány költészet tanulótól a Nagyszombati érseki nagygymnasiumban
| Médium: | Kniha |
|---|---|
| Jazyk: | angličtina |
| Fyzický popis: | 16 s. |
| Vydavateľské údaje: |
Nagyszombat
Winter Zsigmondnál
1862
|
MARC
| LEADER | 00000nam a2200000 a 4500 | ||
|---|---|---|---|
| 001 | vtls009282359 | ||
| 003 | SK-MaSNL | ||
| 005 | 20260223183715.0 | ||
| 008 | 080404 000 0 eng | ||
| 040 | |a SNK |b slo |c SNK |e AACR2 | ||
| 245 | 1 | |a Költelmi zsengék nehány költészet tanulótól a Nagyszombati érseki nagygymnasiumban | |
| 260 | |a Nagyszombat |b Winter Zsigmondnál |c 1862 |e Nagyszombat |f Winter Zsigmondnál | ||
| 300 | |a 16 s. | ||
| 999 | |c 656266 |d 658196 | ||
| 952 | |a SNK |b SNK |y PREZ |7 0 |p 17A0585895 |o snkSD 15550 |i snk2566/58 |3 rekatalogizácia |0 0 |1 0 |4 0 |d 2008-04-04 |l 0 |r 2025-11-28 00:00:00 |w 2026-02-23 | ||


